000 00641nam a2200181 4500
008 160322b xxu||||| |||| 00| 0 eng d
020 _a97804470499092
082 _22010
_aDC 332.6327
_bM98
245 _aMutual funds:
_bportfolio structures, analysis, management, and stewardship/
_cEdited by John Haslem
260 _aHoboken, NJ:
_bWiley,
_c©2010.
300 _axvii, 358 pages:
_billustrations;
_c25 cm.
440 _94253
_aKolb series in finance
500 _aIncludes bibliographical references and index.
650 0 _94256
_aMutual funds
650 0 _94257
_aInvestments
700 _94258
_aHaslem, John
_eEditor.
942 _2ddc
_cDC
999 _c1407
_d1407